| 000 | 01514nam0a2200385 i 4500 | ||
|---|---|---|---|
| 001 | RU\NLR\BIBL_A\012251444 | ||
| 005 | 20260406123704.0 | ||
| 010 |
_a9785171127213 _93000 |
||
| 021 |
_aRU _b2020-7801 _9КН-П-591 |
||
| 035 | _a(RuMoRGB)010272808 | ||
| 035 | _a(NLR Aleph) 012251444 | ||
| 090 |
_a11084220 _c11084220 |
||
| 100 | _a20200320d2020 um y0rusy50 ca | ||
| 101 | 0 |
_arus _aeng |
|
| 102 | _aRU | ||
| 105 | _ay|||z|||000zy | ||
| 181 | 0 |
_ai _baxxe |
|
| 182 | 0 | _an | |
| 200 | 1 |
_aМертвая зона _dThe dead zone _e[2000 слов _eграмматический комментарий] _fСтивен Кинг _zeng |
|
| 203 |
_aТекст _bвизуальный _cнепосредственный |
||
| 210 |
_aМосква _cАСТ _cLingua _d2020 |
||
| 215 |
_a957, [2] с. _d18 |
||
| 225 | 1 | _aЭксклюзивное чтение на английском языке | |
| 300 | _aАвт. также на англ. яз.: Stephen King | ||
| 300 | _aТекст рус., англ. | ||
| 333 | _a16+ | ||
| 510 | 1 |
_6z73790 _aThe dead zone _zeng |
|
| 606 | 1 |
_aАнглийский язык _jКниги для чтения _9972309 _3RU\NLR\AUTH\6646032 |
|
| 686 | 1 | _aШ143.21-93рус91 | |
| 700 | 1 |
_7ca _8rus _aКинг _bС. _f1947- _gСтивен _3RU\NLR\AUTH\77848 _9110885 |
|
| 790 | 1 |
_8eng _7ba _aKing _bS. _f1947 - _gStephen _3RU\NLR\AUTH\77849 _9110886 |
|
| 942 | _cBOOK | ||
| 980 | _aNBR | ||